Benjamínko medzi výstavami

Bibliographic Details
Main Author: Bezdíčková, Erika, 1931- (Author)
Format: Article
Language:Slovak
PhysicalDescription:Obr. 4.
Subjects:

MARC

LEADER 00000nab a2200000 a 4500
001 vtls000180195
003 SK-MaSNL
005 20260303210706.0
008 160201c1984 xo 0 slo
015 |a SNBRB19rr/mm-uuuuu 
035 |a CL0190308 
040 |a SNKBUCL  |b slo  |c SNKBUCL  |e AACR2 
041 0 |a slo 
044 |a xo  |c SK 
080 |a 658.515:65.011.54+65.011.56:061.4  |2 1981 
080 |a 65.011.54  |2 1981 
080 |a 65.011.56  |2 1981 
080 |a 061.4  |2 1981 
080 |a 621.757  |2 1981 
100 1 |a Bezdíčková, Erika,  |d 1931-  |4 aut  |9 5089 
245 1 0 |a Benjamínko medzi výstavami  |c Erika Bezdíčková 
300 |b Obr. 4. 
650 0 7 |a Montex 1984, Brno  |2 snkbucl  |9 1242762 
650 0 7 |a interná montáž  |2 snkbucl  |9 1242753 
651 7 |a 3701  |2 snkbucl  |9 923691 
655 7 |a články z novín a časopisov  |2 snkbucl  |9 267496 
773 0 |t Technické noviny  |g Roč. 32, č. 12 (1984), s. 9 
850 |a Slovenská národná knižnica v Martine  |a MTA001 
852 |a SNK  |b KIS3GCP 
958 |a RK 
958 |a CZ 
992 |a RBX 
999 |c 2201262  |d 2203192